| Поле | Название | Значение |
| |
Тип записи |
i |
| |
Библиографический уровень |
m |
| 001 |
Контрольный номер |
RU/IS/BASE/449601534 |
| 005 |
Дата корректировки |
20250217111441.2 |
| 010 |
Индекс ISBN |
__ |
| a |
ISBN |
978-5-9677-1635-5 |
| b |
Уточнения |
в кор. |
| 100 |
Данные общей обработки |
__ |
| a |
Данные общей обработки |
20210204d2016####am y0rusc0289 ca |
| 101 |
Язык документа |
1_ |
| a |
Язык текста |
rus |
| c |
Язык оригинала |
eng |
| 102 |
Страна публикации |
__ |
| a |
Страна публикации |
RU |
| 125 |
Кодированные данные звукозаписи и нотных изданий |
__ |
| b |
Определитель литературного текста |
с |
| 126 |
Кодированные данные (звукозаписи-физические характеристики) |
__ |
| a |
Кодированные данные звукозаписи (общие) |
аgbхhхх сd |
| 127 |
Кодированные данные (звукозаписи-физические характеристики) |
__ |
| a |
Продолжительность проигрывания |
0743## |
| 135 |
Кодированные данные (электронные ресурсы) |
__ |
| a |
Кодированные данные (электронные ресурсы) |
hongannnanaaa |
| 139 |
Кодированные данные (электронные ресурсы) |
__ |
| a |
Кодированные данные (электронные ресурсы) |
сaz |
| 181 |
Поле кодированных данных: вид содержания |
_0 |
| a |
Код вида содержания (ISBD) |
h |
| 182 |
Поле кодированных данных: тип средства |
_0 |
| a |
Код типа средства (ISBD) |
a |
| 200 |
Заглавие и сведения об ответственности |
1_ |
| a |
Заглавие |
Долина страха |
| a |
Заглавие |
Голубой карбункул |
| e |
Сведения, относящиеся к заглавию |
[аудиокнига] |
| f |
Первые сведения об ответственности |
Артур Конан Дойл ; [пер. М. Литвиновой, О. Дудоладовой ; частная кол. Е. Резниковой ; читает Д. Писаренко] |
| b |
Общее обозначение материала |
Звукозапись |
| 203 |
Вид содержания и тип средства |
__ |
| a |
Вид содержания |
Устная речь |
| c |
Тип средства |
электронный |
| 210 |
Выходные данные |
1_ |
| a |
Место издания |
Москва |
| c |
Издательство |
1С-Паблишинг |
| d |
Дата издания |
2011 |
| 215 |
Физическое описание |
__ |
| a |
Объем |
1 электрон. опт. диск (Audio CD) |
| c |
Иллюстрации/тип воспроизводства |
mp3, stereo |
| 225 |
Серия |
2_ |
| a |
Серия |
1С: Аудиокниги |
| 230 |
Специфическая характеристика материала: электронные ресурсы |
__ |
| a |
Обозначение и объем ресурса |
Электронные звуковые данные |
| 300 |
Общие примечания |
__ |
| a |
Общие примечания |
MPEG-I Layer ; 192 Kbps ; 16 bit ; 44.1 kHz |
| 323 |
Примечание о главных создателях, исполнителях, участниках |
__ |
| a |
Примечание о главных создателях, исполнителях, участниках |
Писаренко, Д. (читает) |
| 330 |
Аннотация |
__ |
| a |
Аннотация |
Тайны и загадки, знаменитый "дедуктивный метод", увлекательное расследование и герой на все времена - Шерлок Холмс в остросюжетном, малоизвестном широкой аудитории детективном романе Артура Конан Дойла "Долина страха". Знаменитый сыщик получает шифровку Порлока - одного из подручных профессора Мориарти. В письме сообщается о готовящемся нападении на некоего мистера Дугласа. Пятью минутами позже в дом на Бейкер-стрит приходит инспектор Скотланд-ярда Макдональд и сообщает, что мистер Дуглас убит в своем поместье. Холмс берется за дело... |
| 333 |
Примечание о целевом назначении |
__ |
| a |
Примечание о целевом назначении |
12+. Для детей старше 12 лет |
| 337 |
Примечание о системных требованиях (электронные ресурсы) |
__ |
| a |
Примечание о системных требованиях (электронные ресурсы) |
Системные требования: MS Windows ; Pentium 100 ; RAM 64 Мб ; монитор SVGA, 800х600 ; устройство чтения CD/DVD ROM ; звуковая карта ; колонки или наушники ; мышь |
| 606 |
Тематические рубрики |
__ |
| a |
Основная рубрика |
Художественная литература |
| 606 |
Тематические рубрики |
__ |
| a |
Основная рубрика |
Литература Европы (произведения) |
| y |
Географическая подрубрика |
Великобритания; Англия |
| 610 |
Ключевые слова |
0_ |
| a |
Ключевые слова |
зарубежная литература; иностранная литература; английская литература; романы; детективы; детективные романы; тема расследований; тема убийств; тема преступлений |
| 686 |
Индексы других классификаций |
__ |
| 2 |
Код системы |
rubbks |
| a |
Классификационный индекс |
84(4Вел)53-445я04; ст84(4Вел)-4я0 |
| 700 |
Автор |
_1 |
| a |
Фамилия |
Дойл |
| b |
Имя |
А. К. |
| f |
Даты |
1859-1930 |
| g |
Полное личное имя |
Артур Конан |
| 4 |
Код отношения |
070 |
| 702 |
Вторичная интеллектуальная ответственность |
_1 |
| a |
Фамилия |
Литвинова |
| b |
Имя |
М. |
| 4 |
Код отношения |
730 |
| g |
Полное личное имя |
Марина |
| 702 |
Вторичная интеллектуальная ответственность |
_1 |
| a |
Фамилия |
Дудоладова |
| b |
Имя |
О. |
| 4 |
Код отношения |
Переводчик |
| 4 |
Код отношения |
730 |
| g |
Полное личное имя |
Ольга |
| 702 |
Вторичная интеллектуальная ответственность |
_1 |
| a |
Фамилия |
Бордуков |
| b |
Имя |
А. |
| g |
Полное личное имя |
Александр |
| 4 |
Код отношения |
590 |
| 702 |
Вторичная интеллектуальная ответственность |
_1 |
| a |
Фамилия |
Воробьев |
| b |
Имя |
В. |
| g |
Полное личное имя |
Владимир |
| 4 |
Код отношения |
665 |
| 801 |
Источник записи |
_0 |
| a |
Страна |
RU |
| b |
Организация |
Муниципальное бюджетное учреждение культуры "Централизованная библиотечная система" г. Сургут (Центральная городская библиотека им. А. С. Пушкина) |
| g |
Правила каталогизации |
КиК/Апакова |
| 801 |
Источник записи |
_1 |
| a |
Страна |
RU |
| b |
Организация |
Муниципальное бюджетное учреждение культуры "Централизованная библиотечная система" г. Сургут (Центральная городская библиотека им. А. С. Пушкина) |
| g |
Правила каталогизации |
КиК/Апакова |
| 852 |
Данные о местонахождении |
__ |
| j |
Шифр хранения |
84(4Вел)53-445я04 |
| i |
Авторский знак |
Д 62 |
| 901 |
Тип документа |
__ |
| t |
Тип документа |
0 |
| 903 |
Характеристики (МАРС) |
__ |
| a |
Дата передачи |
20140331 |
| 969 |
Тип издания |
__ |
| a |
Тип издания |
аудиокнига; издание для слепых |
| 990 |
Данные о заказе (DOS) |
__ |
| j |
Количество экземпляров (DOS) |
6 |
| t |
N записи в КСУ для И/У (DOS) |
201404 |